| 000 | 005360000a22001810004500 | ||
|---|---|---|---|
| 003 | MACL | ||
| 005 | 20160402125325.0 | ||
| 008 | 160402b xxu||||| |||| 00| 0 eng d | ||
| 040 |
_aMACL _cMACL |
||
| 041 | _aHindi | ||
| 082 | _a333 | ||
| 100 |
_aभल्ला सरिता _949993 |
||
| 245 | _aहवा और पानी में जहर | ||
| 260 |
_bनेशनल बुक ट्रस्ट _c1998 _aनई दिल्ली |
||
| 350 | _a40 | ||
| 650 |
_aEnvironments _93437 |
||
| 942 |
_cHIN _k333 _2ddc |
||
| 999 |
_c12138 _d12138 |
||